| 000 | 00746nam a2200217 i 4500 | ||
|---|---|---|---|
| 001 | 171103 | ||
| 003 | ES-MaACL | ||
| 005 | 20240217063016.0 | ||
| 007 | t| | ||
| 008 | 090428s2001 fr ||||1| fre d | ||
| 080 | _a821.134.2-31"19" | ||
| 100 | 1 |
_aPrada, Juan Manuel de, _d1970- _993574 |
|
| 245 | 1 | 4 |
_aLes masques du héros _b: roman / _cJuan Manuel de Prada ; traduit de l'espagnol par Gabriel Iaculli. |
| 260 |
_a[Paris] : _bÉditions du Seuil, _c2001. |
||
| 300 |
_a633 p. ; _c18 cm. |
||
| 490 | 1 |
_aPoints ; _v871 |
|
| 594 | _aTraducción de: Lás máscaras del héroe. | ||
| 830 | 0 |
_aPoints ; _v871 _9184077 |
|
| 852 | 4 |
_aES-MaACL _jE-12617 _9R.140225 _z. - Biblioteca Jacinto Martínez Lacalle |
|
| 999 |
_c171103 _d171103 |
||